LEADER 01229nam0 22003131i 450 001 RML0247132 005 20231121125709.0 100 $a20121121d1986 ||||0itac50 ba 101 | $afre 102 $abe 181 1$6z01$ai $bxxxe 182 1$6z01$an 200 1 $a˜Le œcostume civil$fpar Mireille Madou$gtraduit du néederlandais par Marnix Vincent 210 $aTurnhout $cBrepols $d1986 215 $a64 p.$d24 cm 225 | $aTypologie des sources du Moyen Âge occidental$c- Turnhout $eBrepols 300 $aPrima del tit.: B-1.C.2* 410 0$1001RML0333160$12001 $aTypologie des sources du Moyen Âge occidental$c- Turnhout $eBrepols 606 $aAbbigliamento$xMedioevo$2FIR$3RMLC402627$9I 700 1$aMadou$b, Mireille$3RMLV160461$0153692 702 1$aVincent$b, Marnix$3RMLV160460 801 3$aIT$bIT-01$c20121121 850 $aIT-FR0017 899 $aBiblioteca umanistica Giorgio Aprea$bFR0017 912 $aRML0247132 950 0$aBiblioteca umanistica Giorgio Aprea$d 52FLS 3 COLL Q 47$e 52VM 0000175395 VM barcode:LET4241. - Inventario:22663VM$fA $h20020819$i20121204 977 $a 52 996 $aCostume civil$9479648 997 $aUNICAS